Teaching and learning special english Kèm sách

Enregistré dans:
Détails bibliographiques
Format: Livre
Langue:Undetermined
Publié: Thành phố Hồ Chí Minh Công ty An Hoà 2003
Sujets:
Tags: Ajouter un tag
Pas de tags, Soyez le premier à ajouter un tag!
Thư viện lưu trữ: Trung tâm Học liệu Trường Đại học Cần Thơ
LEADER 00543nam a2200193Ia 4500
001 CTU_63767
008 210402s9999 xx 000 0 und d
082 |a 420.07 
082 |b T253/No.42 
245 0 |a Teaching and learning special english 
245 0 |b Kèm sách 
260 |a Thành phố Hồ Chí Minh 
260 |b Công ty An Hoà 
260 |c 2003 
650 |a English language 
650 |x Study and teaching 
904 |i Qhieu sửa 
910 |a Năm 
980 |a Trung tâm Học liệu Trường Đại học Cần Thơ